[Event "Barceloneta op"]
[Site "Barcelona"]
[Date "2001.11.17"]
[Round "8"]
[White "Rodriguez Regull, German"]
[Black "Diaz Carranza, Pascual"]
[Result "1-0"]
[WhiteElo "2137"]
[BlackElo "1895"]
[PlyCount "85"]
[EventDate "2001.09.29"]
[EventType "swiss"]
[EventRounds "9"]
[EventCountry "ESP"]
[SourceTitle "CBM 085 Extra"]
[Source "ChessBase"]
[SourceDate "2002.01.21"]
[SourceVersion "1"]
[SourceVersionDate "2002.01.21"]
[SourceQuality "1"]

1. e4 c5 2. Nf3 Nc6 3. d4 cxd4 4. Nxd4 Nf6 5. Nc3 a6 6. Bc4 d6 7. 0-0 e6 8. Bb3 Be7 9. Be3 0-0 10. Qf3 Qc7 11. Rad1 Nxd4 12. Rxd4 b5 13. Qg3 Re8 14. Rfd1 Bb7 15. Bh6 g6 16. Bg5 e5 17. R4d2 Rad8 18. Qh4 Nh5 19. a3 Kg7 20. Rd3 Bxg5 21. Qxg5 h6 22. Qd2 Nf6 23. f3 Re7 24. Rxd6 Qc5+ 25. Qf2 Qxf2+ 26. Kxf2 Rxd6 27. Rxd6 Ne8 28. Rd8 Nf6 29. Ke3 Rd7 30. Rxd7 Nxd7 31. Bd5 Bxd5 32. Nxd5 Kf8 33. b4 f6 34. Kd3 Kf7 35. c4 bxc4+ 36. Kxc4 Nb8 37. Kc5 Ke6 38. Kb6 f5 39. Nc7+ Kd6 40. Nxa6 Nd7+ 41. Kb7 fxe4 42. fxe4 g5 43. a4 1-0